Associer ces acteurs à leurs films #4 - Les Nuls - Statistiques

Statistiques générales
  • Ce quiz a été pris 26 fois
  • Le résultat moyen est 8 sur 17
Statistiques - réponses
Hint Réponse % Correct
Santa et Cie Alain Chabat
83%
La Nuit au musée 2 Alain Chabat
75%
Laisse tes mains sur mes hanches Chantal Lauby
71%
Qu'est-ce qu'on a fait au Bon Dieu ? Chantal Lauby
67%
Kaamelott Alain Chabat
63%
Milou en Mai Bruno Carette
63%
La personne au deux personnes Alain Chabat
50%
Sans peur et sans reproche Bruno Carette
50%
Le Clone Dominique Farrugia
50%
Paparazzi Dominique Farrugia
46%
Fumer fait tousser Alain Chabat
38%
RTT Dominique Farrugia
38%
Photo de famille Chantal Lauby
33%
XY Chantal Lauby
29%
Docteur ? Chantal Lauby
21%
Le Marquis Dominique Farrugia
21%
L'amour, c'est mieux à deux Dominique Farrugia
21%
Aucun quiz correspondant
Distribution des résultats
% des personnes avec chaque résultat
Percentile par nombre de réponses
Votre historique - résultats
Vous n’avez pas pris ce quiz